[Event "18. Open de Gros 2008"]
[Site "San Sebastián ESP"]
[Date "2008.09.21"]
[Round "2.11"]
[White "Rizouk, Aimen"]
[Black "Gonzalez Pueyo, Patricia"]
[Result "1-0"]
[WhiteElo "2507"]
[BlackElo "1551"]
[PlyCount "63"]
[EventDate "2008.09.20"]
[EventType "swiss"]
[EventRounds "9"]
[EventCountry "ESP"]
[Source "lmi"]
[SourceDate "2008.09.20"]

1. e4 c5 2. Nf3 d6 3. d4 cxd4 4. Nxd4 Nf6 5. Nc3 a6 6. Be3 e5 7. Nb3 Be7 8. f3
Be6 9. Qd2 Nbd7 10. g4 b5 11. g5 Nh5 12. O-O-O Nb6 13. Kb1 Rc8 14. Na5 Qc7 15.
Nd5 Bxd5 16. exd5 Nxd5 17. Qxd5 Qxa5 18. Bh3 Rc4 19. Qa8+ Bd8 20. Rxd6 O-O 21.
Rxa6 Qc7 22. Ra7 Qd6 23. Rd7 Bc7 24. Qb7 Qc6 25. Qxc6 Rxc6 26. Rhd1 f5 27. Bf1
Rb8 28. R1d5 Ba5 29. Bxb5 f4 30. Ba7 Rxb5 31. Rxb5 Be1 32. Rb8+ 1-0

[Event "18. Open de Gros 2008"]
[Site "San Sebastián ESP"]
[Date "2008.09.21"]
[Round "2.12"]
[White "Bello Castano, Diego"]
[Black "Olabe Odriozola, Eduardo"]
[Result "1-0"]
[WhiteElo "1887"]
[BlackElo "1728"]
[PlyCount "49"]
[EventDate "2008.09.20"]
[EventType "swiss"]
[EventRounds "9"]
[EventCountry "ESP"]
[Source "lmi"]
[SourceDate "2008.09.20"]

1. Nf3 d5 2. b3 Nf6 3. Bb2 Bf5 4. e3 e6 5. a3 h6 6. Be2 Be7 7. O-O c5 8. Bb5+
Nbd7 9. Ne5 O-O 10. f4 Nxe5 11. fxe5 Nd7 12. d4 Rc8 13. Bd3 Bxd3 14. Qxd3 c4
15. Qd1 Bg5 16. Qe2 cxb3 17. cxb3 Qb6 18. b4 Nxe5 19. h4 Bxe3+ 20. Qxe3 Rc2 21.
Qxe5 Rxb2 22. Nc3 Rc2 23. Na4 Qb5 24. Nc5 b6 25. Nxe6 1-0

[Event "18. Open de Gros 2008"]
[Site "San Sebastián ESP"]
[Date "2008.09.21"]
[Round "2.13"]
[White "Espin Laborde, Jesus Maria"]
[Black "Sanchez Jimenez, Joseba"]
[Result "1-0"]
[WhiteElo "1811"]
[BlackElo "1642"]
[PlyCount "47"]
[EventDate "2008.09.20"]
[EventType "swiss"]
[EventRounds "9"]
[EventCountry "ESP"]
[Source "lmi"]
[SourceDate "2008.09.20"]

1. e4 c5 2. Nf3 d6 3. d4 cxd4 4. Nxd4 e6 5. Nc3 a6 6. Be3 Nf6 7. f3 Qc7 8. Qd2
Nc6 9. O-O-O Be7 10. g4 e5 11. Nf5 Bxf5 12. gxf5 O-O 13. Rg1 b5 14. Bh6 Ne8 15.
Qg2 Bf6 16. Nd5 Qd8 17. Nxf6+ Qxf6 18. Bg5 Qxg5+ 19. Qxg5 f6 20. Qe3 Rb8 21. h4
Kf7 22. h5 h6 23. Qd3 Rd8 24. Qd5+ 1-0

[Event "18. Open de Gros 2008"]
[Site "San Sebastián ESP"]
[Date "2008.09.21"]
[Round "2.14"]
[White "Iglesias Gonzalez, Veronica"]
[Black "Baena Salado, Mikel"]
[Result "1-0"]
[WhiteElo "1804"]
[BlackElo "1627"]
[PlyCount "149"]
[EventDate "2008.09.20"]
[EventType "swiss"]
[EventRounds "9"]
[EventCountry "ESP"]
[Source "lmi"]
[SourceDate "2008.09.20"]

1. c4 e5 2. d3 Nf6 3. Nc3 d5 4. cxd5 Nxd5 5. e4 Nf6 6. f4 Nc6 7. fxe5 Nxe5 8.
Bf4 Nc6 9. Nf3 Bg4 10. Be2 Bxf3 11. Bxf3 Nd4 12. O-O Bc5 13. Kh1 O-O 14. e5
Nxf3 15. Qxf3 Nd7 16. Qxb7 Rb8 17. Qd5 Rxb2 18. d4 Be7 19. Qf3 Qa8 20. Qg3 Rb6
21. d5 Rg6 22. Qh3 Qc8 23. Rad1 Rd8 24. e6 fxe6 25. dxe6 Nc5 26. Rxd8+ Qxd8 27.
Rd1 Qc8 28. Nd5 Qxe6 29. Qxe6+ Rxe6 30. Bxc7 Kf7 31. h3 Ne4 32. Rf1+ Nf6 33.
Nf4 Rc6 34. Bb8 Ra6 35. Rf2 Bd6 36. Bxd6 Rxd6 37. Rb2 Rb6 38. Rc2 Rb7 39. Nd3
Rd7 40. Ne5+ Ke6 41. Nxd7 Kxd7 42. Rb2 Kc6 43. g4 g6 44. Rb8 h5 45. gxh5 gxh5
46. Kg2 Kd6 47. Rb7 a5 48. Ra7 Kc5 49. Rxa5+ Kb4 50. Ra8 Kc3 51. a4 Nd5 52. Ra5
Ne3+ 53. Kg3 Nf1+ 54. Kh4 Kb4 55. Rxh5 Kxa4 56. Re5 Nd2 57. Re8 Nf3+ 58. Kg4
Nh2+ 59. Kf5 Nf3 60. Rb8 Nd4+ 61. Ke4 Ne6 62. h4 Nc5+ 63. Kd5 Nd7 64. Rb1 Nf6+
65. Kc4 Ka5 66. Rb5+ Ka4 67. h5 Ne4 68. Rb8 Nd6+ 69. Kd5 Nf5 70. Rb6 Ne7+ 71.
Kd6 Nf5+ 72. Kc5 Ne7 73. h6 Nc8 74. h7 Nxb6 75. Kxb6 1-0

[Event "18. Open de Gros 2008"]
[Site "San Sebastián ESP"]
[Date "2008.09.21"]
[Round "2.15"]
[White "Jauregi Barandiaran, Jon"]
[Black "Garro Beraza, Julen"]
[Result "0-1"]
[WhiteElo "1622"]
[BlackElo "1793"]
[PlyCount "66"]
[EventDate "2008.09.20"]
[EventType "swiss"]
[EventRounds "9"]
[EventCountry "ESP"]
[Source "lmi"]
[SourceDate "2008.09.20"]

1. e4 c5 2. Nf3 d6 3. d4 cxd4 4. Nxd4 Nf6 5. Nc3 a6 6. Bd3 e6 7. O-O Be7 8. Nf3
Nc6 9. Qe2 O-O 10. Bf4 b5 11. e5 dxe5 12. Nxe5 Bb7 13. Qe3 Bd6 14. Rfe1 Qc7 15.
Qg3 Nxe5 16. Bxe5 Bxe5 17. Rxe5 Rac8 18. Rc1 Rfd8 19. Qe3 Ng4 20. Qg5 Nxe5 21.
Qh4 Nxd3 22. cxd3 Rxd3 23. Re1 Qd7 24. a3 a5 25. h3 Rd4 26. Qg5 b4 27. axb4
axb4 28. Nb5 Rd5 29. Re5 Qxb5 30. Rxd5 Qxd5 31. Qg3 Qxg2+ 32. Qxg2 Bxg2 33.
Kxg2 Rc2 0-1

[Event "18. Open de Gros 2008"]
[Site "San Sebastián ESP"]
[Date "2008.09.21"]
[Round "2.16"]
[White "Burgana Lardizabal, Jose Angel"]
[Black "Otxoteko Gonzalez, Enaut"]
[Result "1-0"]
[WhiteElo "1777"]
[BlackElo "1558"]
[PlyCount "133"]
[EventDate "2008.09.20"]
[EventType "swiss"]
[EventRounds "9"]
[EventCountry "ESP"]
[Source "lmi"]
[SourceDate "2008.09.20"]

1. d4 d5 2. Nf3 Nc6 3. c4 Bg4 4. e3 e6 5. Nbd2 Bb4 6. a3 Bxd2+ 7. Bxd2 Nf6 8.
cxd5 Qxd5 9. Rc1 O-O 10. Bc4 Qe4 11. Bc3 Nd5 12. Bd3 Bxf3 13. Bxe4 Bxd1 14.
Kxd1 Rfe8 15. Bd2 Rad8 16. f4 Nce7 17. Rf1 f5 18. Bb1 Rd6 19. Rf3 Rc6 20. Ke2
Rxc1 21. Bxc1 Nc6 22. Bd2 Nf6 23. Bd3 Ne7 24. Rf1 Ned5 25. Kf3 Ng4 26. Rh1 Ne7
27. h3 Nf6 28. g4 Rd8 29. g5 Ne8 30. Rc1 c6 31. Ba5 Rd5 32. Bb4 Ng6 33. Bc4 Rd8
34. Bxe6+ Kh8 35. Bxf5 Nh4+ 36. Kg4 Ng2 37. Rc3 b6 38. Kg3 g6 39. Bxg6 hxg6 40.
Kxg2 a5 41. Bxa5 bxa5 42. Rxc6 Rb8 43. b4 axb4 44. axb4 Kg7 45. Rc4 Rb7 46. d5
Nd6 47. Rc6 Nf5 48. e4 Ne7 49. Re6 Kf7 50. Rf6+ Ke8 51. d6 Rxb4 52. Re6 Rb7 53.
Rxe7+ Rxe7 54. dxe7 Kxe7 55. Kf3 Ke6 56. Kg4 Kf7 57. h4 Ke6 58. f5+ gxf5+ 59.
exf5+ Kf7 60. Kf4 Kg7 61. Ke5 Kf7 62. h5 Kg7 63. Ke6 Kf8 64. Kf6 Kg8 65. Ke7
Kh8 66. f6 Kh7 67. f7 1-0

[Event "18. Open de Gros 2008"]
[Site "San Sebastián ESP"]
[Date "2008.09.21"]
[Round "3.1"]
[White "Argandona Riveiro, Inigo"]
[Black "Ninov, Nikolai"]
[Result "1/2-1/2"]
[WhiteElo "2375"]
[BlackElo "2515"]
[PlyCount "198"]
[EventDate "2008.09.20"]
[EventType "swiss"]
[EventRounds "9"]
[EventCountry "ESP"]
[Source "lmi"]
[SourceDate "2008.09.20"]

1. d4 Nf6 2. c4 e6 3. Nc3 Bb4 4. a3 Bxc3+ 5. bxc3 b6 6. f3 Ba6 7. e4 Nc6 8. e5
Ng8 9. f4 Na5 10. Nf3 Ne7 11. Qa4 O-O 12. Be3 d6 13. Rd1 Qe8 14. Qb4 Qc6 15.
Nd2 Rae8 16. Rg1 d5 17. c5 Bxf1 18. Rxf1 Nc4 19. Nxc4 dxc4 20. Rf3 b5 21. Kf2
Nd5 22. Qb2 f6 23. exf6 Rxf6 24. Qc1 Ref8 25. Kg1 Rg6 26. Rg3 Rxg3 27. hxg3 Nf6
28. Re1 Qd5 29. Qd1 Ne4 30. Bd2 Nxg3 31. Re5 Qc6 32. Qe1 Nf5 33. Rxe6 Qd5 34.
Qe5 Qxe5 35. Rxe5 h5 36. Kf2 g6 37. Re6 Kf7 38. Ra6 Ne7 39. Rxa7 Nd5 40. Kf3
Ke6 41. g4 hxg4+ 42. Kxg4 Nf6+ 43. Kf3 Nd5 44. Kg4 Rh8 45. Ra6+ Kf7 46. f5 Nf6+
47. Rxf6+ Kxf6 48. Bg5+ Kf7 49. d5 Rh1 50. fxg6+ Kxg6 51. Bd8 Rd1 52. d6 c6 53.
Ba5 Kf6 54. Kf4 Ke6 55. Bb4 Kd5 56. Kf3 Ke5 57. Ke2 Rd3 58. Ba5 Ke4 59. Kf2
Rf3+ 60. Kg2 Rf7 61. Kg3 Rd7 62. Bb4 Ra7 63. Kf2 Kf4 64. Ke2 Rh7 65. Kd2 Kf3
66. Ba5 Rh5 67. Kc2 Rd5 68. a4 bxa4 69. Kb2 a3+ 70. Ka2 Ke4 71. Bb4 Rd2+ 72.
Kxa3 Kd5 73. Ka4 Ra2+ 74. Ba3 Ke6 75. Kb4 Ra1 76. Ka4 Rb1 77. Bb4 Rb3 78. Ba5
Rb5 79. Bb4 Kd7 80. Ka3 Rb8 81. Kb2 Rg8 82. Kc1 Rg3 83. Kd2 Rd3+ 84. Ke2 Kc8
85. Kf2 Kb7 86. Ke2 Ka6 87. Kf2 Kb5 88. Ke2 Ka4 89. Kf2 Kb3 90. Ke1 Kb2 91. Kf2
Kc1 92. Ke1 Re3+ 93. Kf2 Kd2 94. Ba5 Rd3 95. Bb4 Kd1 96. Ba5 Kc2 97. Bb4 Rh3
98. Ke2 Rg3 99. Kf2 Rd3 1/2-1/2

[Event "18. Open de Gros 2008"]
[Site "San Sebastián ESP"]
[Date "2008.09.21"]
[Round "3.2"]
[White "Meijers, Viesturs"]
[Black "Spassov, Liuben"]
[Result "1-0"]
[WhiteElo "2496"]
[BlackElo "2428"]
[PlyCount "119"]
[EventDate "2008.09.20"]
[EventType "swiss"]
[EventRounds "9"]
[EventCountry "ESP"]
[Source "lmi"]
[SourceDate "2008.09.20"]

1. d4 Nf6 2. Bg5 d5 3. Bxf6 gxf6 4. e3 c5 5. c3 Qb6 6. Qd2 Nc6 7. Nf3 Rg8 8.
dxc5 Qxc5 9. b4 Qd6 10. Na3 e6 11. Nb5 Qd8 12. g3 a5 13. Rb1 axb4 14. cxb4 Qb6
15. Be2 Bd7 16. O-O Ne5 17. Nc3 Bd6 18. a4 Nxf3+ 19. Bxf3 Be5 20. a5 Qd6 21.
Be2 Kf8 22. f4 Bxc3 23. Qxc3 Kg7 24. Rfc1 Rgc8 25. Qd2 e5 26. Bf3 Be6 27. g4
Rxc1+ 28. Rxc1 Rc8 29. Rxc8 Bxc8 30. fxe5 Qxe5 31. Bxd5 Qg5 32. h3 h5 33. Bf3
hxg4 34. hxg4 Qh4 35. Qf2 Qg5 36. Be2 Qe5 37. Qf4 Qb2 38. Bf3 Qc1+ 39. Kf2 Qd2+
40. Be2 Qd5 41. Qc4 Qd8 42. g5 fxg5 43. Qd4+ Qf6+ 44. Kg3 Qxd4 45. exd4 f5 46.
b5 Kf6 47. a6 bxa6 48. bxa6 f4+ 49. Kf2 Bxa6 50. Bxa6 Kf5 51. Bd3+ Ke6 52. Be4
g4 53. Ke2 Kd6 54. Kd3 Ke6 55. Bb7 Kf5 56. Bc8+ Kg5 57. Ke4 f3 58. Ke3 Kh4 59.
Kf2 Kg5 60. Kg3 1-0

[Event "18. Open de Gros 2008"]
[Site "San Sebastián ESP"]
[Date "2008.09.21"]
[Round "3.3"]
[White "Sanz Perez, Eduardo"]
[Black "Simutowe, Amon"]
[Result "1/2-1/2"]
[WhiteElo "2154"]
[BlackElo "2458"]
[PlyCount "96"]
[EventDate "2008.09.20"]
[EventType "swiss"]
[EventRounds "9"]
[EventCountry "ESP"]
[Source "lmi"]
[SourceDate "2008.09.20"]

1. e4 c5 2. Nc3 a6 3. a4 Nc6 4. g3 Nf6 5. Bg2 g6 6. d3 Bg7 7. f4 d6 8. Nf3 Bg4
9. h3 Bxf3 10. Qxf3 Rb8 11. O-O Nd4 12. Qf2 O-O 13. Be3 Nd7 14. f5 e6 15. g4 b5
16. axb5 axb5 17. Ra7 b4 18. Nd1 Nb5 19. Rxd7 Qxd7 20. f6 Bh8 21. Qh4 Nd4 22.
c3 bxc3 23. bxc3 Nc6 24. g5 Rb1 25. Nf2 Rxf1+ 26. Bxf1 Ne5 27. Kg2 Qa4 28. d4
cxd4 29. cxd4 Nc4 30. Bxc4 Qxc4 31. Ng4 h5 32. Nf2 Ra8 33. Qf4 Qe2 34. Qf3 Qe1
35. Bf4 Qb4 36. Qd1 Ra2 37. Bg3 Rd2 38. Qc1 Qxd4 39. Qc8+ Kh7 40. Qf8 Bxf6 41.
Qh6+ Kg8 42. gxf6 Qxe4+ 43. Kf1 Qc4+ 44. Kg2 Qe4+ 45. Kf1 Qc4+ 46. Kg2 Qe4+ 47.
Kf1 Qe2+ 48. Kg2 Qe4+ 1/2-1/2

[Event "18. Open de Gros 2008"]
[Site "San Sebastián ESP"]
[Date "2008.09.21"]
[Round "3.4"]
[White "Inkiov, Ventzislav"]
[Black "Marholev, Dimitar"]
[Result "1-0"]
[WhiteElo "2446"]
[BlackElo "2366"]
[PlyCount "70"]
[EventDate "2008.09.20"]
[EventType "swiss"]
[EventRounds "9"]
[EventCountry "ESP"]
[Source "lmi"]
[SourceDate "2008.09.20"]

1. d4 Nf6 2. c4 g6 3. Nc3 Bg7 4. Nf3 O-O 5. Bg5 d6 6. e3 c5 7. Be2 h6 8. Bh4
Nc6 9. d5 Na5 10. Nd2 e5 11. Qc2 a6 12. a4 Qc7 13. O-O Nh7 14. e4 h5 15. f3 Bh6
16. Kh1 Bxd2 17. Qxd2 Nb3 18. Qh6 Nxa1 19. Rxa1 Bd7 20. g4 hxg4 21. fxg4 Be8
22. g5 Qe7 23. Nd1 Bd7 24. Ne3 Rfb8 25. Bg4 Bxg4 26. Nxg4 Qf8 27. Rf1 b5 28.
Bg3 bxc4 29. Qh4 Ra7 30. Rf3 Rb3 31. Rxb3 cxb3 32. Nf6+ Nxf6 33. gxf6 c4 34.
Be1 Rc7 35. Bc3 Rc5 1-0

[Event "18. Open de Gros 2008"]
[Site "San Sebastián ESP"]
[Date "2008.09.21"]
[Round "3.5"]
[White "Paunovic, Dragan"]
[Black "Martin Alvarez, Inigo"]
[Result "1-0"]
[WhiteElo "2539"]
[BlackElo "2200"]
[PlyCount "77"]
[EventDate "2008.09.20"]
[EventType "swiss"]
[EventRounds "9"]
[EventCountry "ESP"]
[Source "lmi"]
[SourceDate "2008.09.20"]

1. c4 c6 2. e4 d5 3. exd5 cxd5 4. Nf3 Nf6 5. d4 Nc6 6. Nc3 Bg4 7. cxd5 Nxd5 8.
Qb3 Bxf3 9. gxf3 e6 10. Qxb7 Nxd4 11. Bb5+ Nxb5 12. Qxb5+ Qd7 13. Qxd7+ Kxd7
14. Nxd5 exd5 15. Be3 Bb4+ 16. Ke2 a5 17. Bd4 Rhe8+ 18. Kd3 g6 19. Rac1 Rac8
20. h3 h5 21. Be3 Ke6 22. Rxc8 Rxc8 23. Rc1 Rxc1 24. Bxc1 Bc5 25. Be3 Be7 26.
b3 g5 27. Bd2 Bd8 28. a4 f5 29. b4 axb4 30. Bxb4 g4 31. fxg4 fxg4 32. hxg4 h4
33. Ke2 d4 34. a5 d3+ 35. Kf1 Kd5 36. Bd2 Ke4 37. Kg2 h3+ 38. Kxh3 Kf3 39. g5
1-0

[Event "18. Open de Gros 2008"]
[Site "San Sebastián ESP"]
[Date "2008.09.21"]
[Round "3.6"]
[White "Tung, Kai Ming"]
[Black "Rizouk, Aimen"]
[Result "0-1"]
[WhiteElo "1989"]
[BlackElo "2507"]
[PlyCount "112"]
[EventDate "2008.09.20"]
[EventType "swiss"]
[EventRounds "9"]
[EventCountry "ESP"]
[Source "lmi"]
[SourceDate "2008.09.20"]

1. e4 c5 2. c3 Nf6 3. d3 Nc6 4. g3 d5 5. exd5 Qxd5 6. Qf3 Qd6 7. Na3 Ne5 8. Qd1
Bg4 9. f3 Bd7 10. Bf4 Qe6 11. Bxe5 Qxe5+ 12. Kf2 Qc7 13. Bh3 e6 14. Ne2 Be7 15.
Re1 h5 16. Qb3 h4 17. Bg2 Rb8 18. Nc4 b5 19. Nd2 Nd5 20. Qc2 f5 21. Nf1 f4 22.
Nxf4 hxg3+ 23. hxg3 Nxf4 24. gxf4 Bh4+ 25. Kg1 Bxe1 26. Rxe1 Qxf4 27. d4 cxd4
28. Qg6+ Qf7 29. Qg3 O-O 30. cxd4 Qf4 31. Re4 Qxg3 32. Nxg3 Rbc8 33. Re2 Rc1+
34. Kf2 Rd1 35. Ne4 Rxd4 36. Nc5 Re8 37. Bh3 Kf7 38. Ne4 e5 39. Bxd7 Rxd7 40.
Rc2 Rb8 41. Rc5 Re7 42. a3 Rb6 43. Ke3 a6 44. Ng5+ Kf6 45. Ne4+ Ke6 46. Ng5+
Kd7 47. Ne4 Rc6 48. Rd5+ Ke6 49. Rd2 Rd7 50. Rg2 Kf7 51. Nc3 Rc4 52. Ne4 Rd1
53. Rg5 Re1+ 54. Kd2 Rb1 55. Nd6+ Kf6 56. Rf5+ Ke6 0-1

[Event "18. Open de Gros 2008"]
[Site "San Sebastián ESP"]
[Date "2008.09.21"]
[Round "3.7"]
[White "Tung, Siu Hung"]
[Black "Rodriguez Gonzalez, Javier"]
[Result "0-1"]
[WhiteElo "1905"]
[BlackElo "2280"]
[PlyCount "122"]
[EventDate "2008.09.20"]
[EventType "swiss"]
[EventRounds "9"]
[EventCountry "ESP"]
[Source "lmi"]
[SourceDate "2008.09.20"]

1. e4 e6 2. d4 d5 3. e5 b6 4. Nf3 Qd7 5. Bd3 Ba6 6. O-O c5 7. c3 Ne7 8. Re1
Bxd3 9. Qxd3 Nbc6 10. Nbd2 Nf5 11. a3 a5 12. Nf1 a4 13. Ng3 Nxg3 14. hxg3 Na5
15. Rb1 Be7 16. g4 Nc4 17. g3 b5 18. Kg2 b4 19. Rh1 g6 20. Ng5 h6 21. Nf3 Rb8
22. dxc5 bxa3 23. bxa3 Qc7 24. Rxb8+ Qxb8 25. Bxh6 Bxc5 26. Rb1 Qc7 27. Bg7 Rg8
28. Bf6 Kd7 29. Nd4 Bxd4 30. Qxd4 Ra8 31. Rb4 Qc6 32. Bg5 Qc7 33. Qf4 Nxe5 34.
Qf6 Kc6 35. f3 Nc4 36. Bf4 Qa7 37. Bg5 Ne3+ 38. Kh3 Nc4 39. Bf4 Qg1 40. Kh4 Qa7
41. Kg5 Nxa3 42. Be5 Nc4 43. Bd4 Qd7 44. Qf4 a3 45. Rb1 a2 46. Ra1 Qe7+ 47. Bf6
Qa3 48. Qd4 Qb2 49. Qg1 Qd2+ 50. f4 Ra5 51. Bd4 Qb2 52. Kf6 Rb5 53. Re1 Qb1 54.
Kxf7 a1=Q 55. Rxe6+ Nd6+ 56. Rxd6+ Kxd6 57. Qe3 Qe4 58. Be5+ Kc6 59. Qd2 Qa8
60. Qh2 Rb7+ 61. Kf6 Qd8+ 0-1

[Event "18. Open de Gros 2008"]
[Site "San Sebastián ESP"]
[Date "2008.09.21"]
[Round "3.8"]
[White "Lakunza Oyarbide, Juan Carlos"]
[Black "Zubia Aramburu, Mikel"]
[Result "1-0"]
[WhiteElo "2122"]
[BlackElo "1901"]
[PlyCount "77"]
[EventDate "2008.09.20"]
[EventType "swiss"]
[EventRounds "9"]
[EventCountry "ESP"]
[Source "lmi"]
[SourceDate "2008.09.20"]

1. d4 d5 2. Nf3 c6 3. g3 Nf6 4. Bg2 Bf5 5. O-O h6 6. c4 e6 7. Qb3 Qb6 8. Nc3
Nbd7 9. c5 Qxb3 10. axb3 Be7 11. b4 O-O 12. b5 cxb5 13. Nxb5 a6 14. Nc3 Rfc8
15. Na4 Bc2 16. Bf4 Bxa4 17. Rxa4 b6 18. b4 Ne4 19. Rfa1 Nc3 20. Rxa6 Rxa6 21.
Rxa6 Nxe2+ 22. Kf1 Nxf4 23. gxf4 bxc5 24. Ra7 Rd8 25. dxc5 Bxc5 26. bxc5 Nxc5
27. Ne5 f6 28. Nc6 Rd6 29. Ne7+ Kh7 30. f5 d4 31. Bf3 d3 32. Bh5 Rd8 33. Nc6
Rc8 34. Bg6+ Kh8 35. fxe6 Nxe6 36. Bxd3 Nf4 37. Bf5 Re8 38. Ne7 Rb8 39. Ng6+
1-0

[Event "18. Open de Gros 2008"]
[Site "San Sebastián ESP"]
[Date "2008.09.21"]
[Round "3.9"]
[White "Maruejols, Claude"]
[Black "Diez Viera, Oscar"]
[Result "1-0"]
[WhiteElo "2044"]
[BlackElo "1882"]
[PlyCount "75"]
[EventDate "2008.09.20"]
[EventType "swiss"]
[EventRounds "9"]
[EventCountry "ESP"]
[Source "lmi"]
[SourceDate "2008.09.20"]

1. d4 d5 2. c4 c6 3. Nc3 Nf6 4. Nf3 e6 5. Bg5 Nbd7 6. cxd5 exd5 7. e3 Bb4 8.
Nd2 O-O 9. Qc2 h6 10. Bh4 Qb6 11. a3 Bd6 12. Rc1 Re8 13. Be2 Nh7 14. O-O Nhf8
15. Bd3 a6 16. Rfe1 Qc7 17. Nf1 Qb8 18. f3 b5 19. e4 Bb7 20. e5 Be7 21. Bxe7
Rxe7 22. Ng3 Qa7 23. Qf2 Ne6 24. Nf5 Ree8 25. Ne2 c5 26. Nd6 Reb8 27. f4 c4 28.
Bb1 Nb6 29. f5 Nc7 30. Qg3 Rf8 31. f6 Ne6 32. fxg7 Rfd8 33. Nxf7 Kxf7 34. Qg6+
Ke7 35. Qf6+ Kd7 36. Qf7+ Kc6 37. Qxe6+ Kc7 38. Bh7 1-0

[Event "18. Open de Gros 2008"]
[Site "San Sebastián ESP"]
[Date "2008.09.21"]
[Round "3.10"]
[White "Iglesias Gonzalez, Veronica"]
[Black "Roldan Riaga, Roberto"]
[Result "0-1"]
[WhiteElo "1804"]
[BlackElo "2028"]
[PlyCount "96"]
[EventDate "2008.09.20"]
[EventType "swiss"]
[EventRounds "9"]
[EventCountry "ESP"]
[Source "lmi"]
[SourceDate "2008.09.20"]

1. c4 e5 2. d3 Nf6 3. Nc3 Nc6 4. Nf3 Be7 5. g3 d5 6. cxd5 Nxd5 7. Bg2 Be6 8.
O-O O-O 9. e4 Ndb4 10. Ne1 Nd4 11. Be3 c5 12. a3 Bb3 13. Qd2 Nbc6 14. Nd5 Rb8
15. Nxe7+ Qxe7 16. f4 exf4 17. Bxf4 Rbd8 18. Kh1 c4 19. e5 Nxe5 20. Bxe5 Qxe5
21. Bxb7 Qb5 22. Be4 f5 23. a4 Qa6 24. Bg2 cxd3 25. Rc1 Bc2 26. Nxc2 dxc2 27.
Qc3 Qxa4 28. Qc7 Rc8 29. Qf4 Qc4 30. b3 Qd3 31. Bd5+ Kh8 32. Bc4 Rxc4 33. bxc4
Ne2 34. Qf2 Qe4+ 35. Qg2 Qxc4 36. Rxf5 Rxf5 37. Qa8+ Qg8 38. Qxg8+ Kxg8 39.
Rxc2 Nd4 40. Ra2 a5 41. Kg2 Kf7 42. g4 Rc5 43. Ra4 Nc6 44. h3 g5 45. Ra3 Ke6
46. Kf2 Kd5 47. Ke2 Kc4 48. Rf3 Nd4+ 0-1

[Event "18. Open de Gros 2008"]
[Site "San Sebastián ESP"]
[Date "2008.09.21"]
[Round "3.11"]
[White "Darrigues, Alain"]
[Black "Zaballa Zarzosa, Jon"]
[Result "1-0"]
[WhiteElo "2012"]
[BlackElo "1802"]
[PlyCount "44"]
[EventDate "2008.09.20"]
[EventType "swiss"]
[EventRounds "9"]
[EventCountry "ESP"]
[Source "lmi"]
[SourceDate "2008.09.20"]

1. d4 Nf6 2. c4 g6 3. Nc3 d5 4. Nf3 Bg7 5. Qb3 dxc4 6. Qxc4 O-O 7. e4 c6 8. Be2
Be6 9. Qd3 h6 10. O-O Nbd7 11. h3 Qc7 12. Be3 Rad8 13. Rac1 Qa5 14. Qb1 Qh5 15.
Ng5 Bg4 16. hxg4 Nxg4 17. Bxg4 Qxg4 18. f3 Qh5 19. Nh3 f5 20. Nf4 Qg5 21. e5 e6
22. Rfe1 Rde8 1-0

[Event "18. Open de Gros 2008"]
[Site "San Sebastián ESP"]
[Date "2008.09.21"]
[Round "3.12"]
[White "Olmo Vega, Diego"]
[Black "Izquierdo Arruferia, Joseba"]
[Result "1-0"]
[WhiteElo "1978"]
[BlackElo "1763"]
[PlyCount "53"]
[EventDate "2008.09.20"]
[EventType "swiss"]
[EventRounds "9"]
[EventCountry "ESP"]
[Source "lmi"]
[SourceDate "2008.09.20"]

1. e4 e6 2. d4 d5 3. Nc3 Nf6 4. Bg5 Be7 5. e5 Nfd7 6. h4 Bxg5 7. hxg5 Qxg5 8.
Nh3 Qe7 9. Nf4 a6 10. Qg4 f5 11. Qh5+ Qf7 12. Ng6 Rg8 13. Qxh7 Nf8 14. Nxf8
Rxf8 15. O-O-O b5 16. Be2 Kd8 17. Rd3 g5 18. Qh6 Rg8 19. Rg3 g4 20. f3 gxf3 21.
Rxg8+ Qxg8 22. Qf6+ Kd7 23. Bxf3 c5 24. Rh8 Qg3 25. Qd8+ Kc6 26. Qxc8+ Kb6 27.
Qxc5+ 1-0

[Event "18. Open de Gros 2008"]
[Site "San Sebastián ESP"]
[Date "2008.09.21"]
[Round "3.13"]
[White "Garro Beraza, Julen"]
[Black "Saenz Zabala, Juan Ignacio"]
[Result "1-0"]
[WhiteElo "1793"]
[BlackElo "1857"]
[PlyCount "39"]
[EventDate "2008.09.20"]
[EventType "swiss"]
[EventRounds "9"]
[EventCountry "ESP"]
[Source "lmi"]
[SourceDate "2008.09.20"]

1. e4 e5 2. Nf3 Nc6 3. Bb5 Bc5 4. O-O Nd4 5. Nxd4 exd4 6. c3 c6 7. cxd4 Bxd4 8.
Bc4 Qh4 9. Qf3 Nh6 10. Nc3 O-O 11. Ne2 Be5 12. h3 b5 13. Bb3 c5 14. Bd5 Rb8 15.
Rb1 d6 16. Rd1 Kh8 17. d4 cxd4 18. Nxd4 f5 19. Be3 fxe4 20. Qxf8+ 1-0

[Event "18. Open de Gros 2008"]
[Site "San Sebastián ESP"]
[Date "2008.09.21"]
[Round "3.14"]
[White "Ezkerro Hernandez, Pablo"]
[Black "Veras Sanz, Jose Antonio"]
[Result "0-1"]
[WhiteElo "1836"]
[BlackElo "1671"]
[PlyCount "76"]
[EventDate "2008.09.20"]
[EventType "swiss"]
[EventRounds "9"]
[EventCountry "ESP"]
[Source "lmi"]
[SourceDate "2008.09.20"]

1. e4 c5 2. Nf3 Nc6 3. d4 cxd4 4. Nxd4 e5 5. Nb3 Nf6 6. Nc3 Bb4 7. Bd3 d5 8.
exd5 Nxd5 9. Bd2 Nxc3 10. bxc3 Bd6 11. O-O O-O 12. Re1 Qc7 13. Qh5 g6 14. Qh6
Ne7 15. Bg5 f6 16. Bd2 Nf5 17. Qh3 Ne7 18. g4 Nd5 19. Re4 f5 20. Rc4 fxg4 21.
Qg2 Qf7 22. Re4 Bf5 23. Re2 Bxd3 24. cxd3 Qf3 25. Qxf3 Rxf3 26. Be3 Nf4 27. Rd2
b6 28. a4 Rf8 29. a5 Nd5 30. Bh6 Rc8 31. c4 Rh3 32. cxd5 Rxh6 33. axb6 axb6 34.
d4 e4 35. Re2 Rxh2 36. Rxe4 Rf8 37. Ra2 g3 38. fxg3 Rxa2 0-1

[Event "18. Open de Gros 2008"]
[Site "San Sebastián ESP"]
[Date "2008.09.21"]
[Round "3.15"]
[White "Lazkano Gaite, Tomas"]
[Black "Mitt, Hando"]
[Result "0-1"]
[WhiteElo "1777"]
[BlackElo "1826"]
[PlyCount "116"]
[EventDate "2008.09.20"]
[EventType "swiss"]
[EventRounds "9"]
[EventCountry "ESP"]
[Source "lmi"]
[SourceDate "2008.09.20"]

1. d4 Nf6 2. c4 g6 3. Nc3 Bg7 4. e4 d6 5. f3 O-O 6. Be3 c6 7. Bd3 Nbd7 8. Nh3
a6 9. Qd2 c5 10. d5 Ne5 11. Nf4 Nxd3+ 12. Nxd3 e6 13. Bh6 exd5 14. Bxg7 Kxg7
15. Nxd5 Nxd5 16. cxd5 b5 17. g4 Qh4+ 18. Nf2 b4 19. Rg1 h5 20. O-O-O hxg4 21.
f4 Bd7 22. Kb1 a5 23. h3 gxh3 24. f5 Qh6 25. Qd3 Rh8 26. Qg3 Ra6 27. fxg6 f6
28. Rdf1 Qh4 29. Qd3 Rb6 30. Qf3 Rh6 31. Ng4 h2 32. Nxh2 Rxg6 33. Rxg6+ Kxg6
34. Rh1 Rb8 35. Rf1 Re8 36. Rg1+ Kf7 37. Ng4 Bxg4 38. Rxg4 Qe1+ 39. Kc2 Rg8 40.
Rxg8 Kxg8 41. Qg4+ Kf8 42. Qc8+ Kg7 43. Qd7+ Kg6 44. Qg4+ Kf7 45. Qd7+ Kg6 46.
Qe8+ Kg5 47. Qg8+ Kf4 48. Kb3 Qd1+ 49. Kc4 Qe2+ 50. Kb3 c4+ 51. Ka4 Qxb2 52.
Kxa5 c3 53. Qe6 c2 54. Qf5+ Ke3 55. e5 c1=Q 56. exd6 Qc5+ 57. Ka6 Qa3+ 58. Kb7
Qaa7# 0-1

[Event "18. Open de Gros 2008"]
[Site "San Sebastián ESP"]
[Date "2008.09.21"]
[Round "3.16"]
[White "Cantabrana Garona, Alejandro"]
[Black "Perez Ibanez, Daniel"]
[Result "1-0"]
[WhiteElo "1824"]
[BlackElo "1411"]
[PlyCount "71"]
[EventDate "2008.09.20"]
[EventType "swiss"]
[EventRounds "9"]
[EventCountry "ESP"]
[Source "lmi"]
[SourceDate "2008.09.20"]

1. d4 d5 2. Nf3 Nc6 3. e3 Nf6 4. Bd3 Bg4 5. Nbd2 e6 6. a3 Bd6 7. c4 O-O 8. O-O
e5 9. dxe5 Nxe5 10. Be2 c6 11. Nxe5 Bxe2 12. Qxe2 Bxe5 13. Nf3 Bd6 14. b4 a6
15. Bb2 Re8 16. Rad1 b6 17. cxd5 cxd5 18. Qd3 h6 19. Qf5 Qd7 20. Qxd7 Nxd7 21.
Rxd5 Re6 22. Rfd1 Bxh2+ 23. Kxh2 Nf6 24. Rd6 Rxd6 25. Rxd6 Ng4+ 26. Kg3 h5 27.
Rxb6 Nh6 28. Nd4 Kh7 29. f3 a5 30. b5 Rd8 31. Rc6 Rd5 32. b6 Rd8 33. Rc7 Nf5+
34. Nxf5 Rb8 35. b7 Kg6 36. Nd6 1-0